অফিস দক্ষতা ৩০ মন্ত্র / (Record no. 13073)
[ view plain ]
| 000 -LEADER | |
|---|---|
| fixed length control field | 00696nam a2200217 a 4500 |
| 001 - CONTROL NUMBER | |
| JCCL Control Number | 13073 |
| 003 - CONTROL NUMBER IDENTIFIER | |
| JCCL marc code | BD-JhCC |
| 005 - DATE AND TIME OF LATEST TRANSACTION | |
| control field | 20230617080208.0 |
| 008 - FIXED-LENGTH DATA ELEMENTS--GENERAL INFORMATION | |
| fixed length control field | 171219s2016 bg |||| |||| 000 0 ben d |
| 020 ## - INTERNATIONAL STANDARD BOOK NUMBER | |
| International Standard Book Number | 9789847762326 |
| 035 ## - SYSTEM CONTROL NUMBER | |
| system control number | (BD-JhCC)13073 |
| 040 ## - CATALOGING SOURCE | |
| Original cataloging agency | BD-JhCC |
| Modifying agency | BD-JhCC |
| 041 ## - LANGUAGE CODE | |
| Language code of Book | bengali |
| 082 ## - DEWEY DECIMAL CLASSIFICATION NUMBER | |
| Author mark and Year | AKH 2016 |
| Classification number | 651.13 |
| 100 ## - MAIN ENTRY--PERSONAL NAME | |
| Personal name | আখতারুজ্জামান, সৈয়দ |
| 245 ## - TITLE STATEMENT | |
| Title | অফিস দক্ষতা ৩০ মন্ত্র / |
| Statement of responsibility, etc | সৈয়দ আখতারুজ্জামান । |
| 260 ## - PUBLICATION, DISTRIBUTION, ETC. (IMPRINT) | |
| Place of publication, distribution, etc | ঢাকা: |
| Name of publisher, distributor, etc | ঐতিহ্য; |
| Date of publication, distribution, etc | ২০১৬. |
| 300 ## - PHYSICAL DESCRIPTION | |
| Pagination | 101 p.; |
| Dimensions | 22 cm |
| 650 ## - SUBJECT ADDED ENTRY--TOPICAL TERM | |
| Topical term or geographic name as entry element | Office Management |
| 942 ## - ADDED ENTRY ELEMENTS (KOHA) | |
| Source of classification or shelving scheme | Dewey Decimal Classification |
| Koha item type | Books |
| Koha issues (borrowed), all copies | 2 |
| Source of classification or shelving scheme | Damaged status | Not for loan | Home library | Current library | Shelving location | Date of accession | Cost, normal purchase price | Full call number | Barcode | Date last seen | Copy number | Method of acquisition | Koha item type | Currency |
|---|---|---|---|---|---|---|---|---|---|---|---|---|---|---|
| Dewey Decimal Classification | JCC Rouf Library | JCC Rouf Library | General Stacks | 06/16/2023 | 250.00 | 651.13 AKH 2016 | 17948 | 06/16/2023 | C-1 | Purchase | Books | BDT |